Wer lügt? #7 - Statistiken

Allgemein
  • Dieses Quiz wurde 94 mal gespielt
    6 seit der letzten Aktualisierung
  • Das Durchschnittsergebnis liegt bei 6 aus 16
Antwortstatistiken
Frage Antwort % Korrekt
Ich bin ein Nadelbaum. Esche
100%
Ich bin eine Stadt in Sachsen. Suhl
100%
Ich bin eine korrekt gelöste Matheaufgabe. 7 x 26 = 178
50%
Ich war schonmal im Dschungelcamp. Axel Schulz
50%
Ich stehe im Alphabet direkt vor oder hinter einem Vokal. C
50%
Ich bin eine asiatische Kampfkunst. Cam Ranh
50%
Ich bin ein Märchen der Gebrüder Grimm. Des Kaisers neue Kleider
50%
Ich bin ein Metall. Eternit
50%
Hier gab es Gold für Deutschland bei den Olympischen Winterspielen 2022 in Peking. Skispringen Damen
50%
Ich bin einer von Wickies starken Männern. Smöre
50%
Ich bin amtierender Ministerpräsident eines deutschen Bundeslandes. Bodo Ramelow
0%
Ich grenze an Ungarn. Bosnien und Herzegowina
0%
Mein Autokennzeichen besteht nur aus einem Buchstaben. Dresden
0%
Ich war schon mal Fußball-Europameister. England
0%
Meine Hauptstadt ist nicht meine größte Stadt (nach Einwohnerzahl). Russland
0%
Ich bin noch nie aus der 1. Fußball-Bundesliga abgestiegen. Werder Bremen
0%
Keine übereinstimmenden Quizze gefunden
Verteilung der Resultate
Anzahl Personen mit jedem Resultat
Perzentil nach korrekt beantworteten Fragen
Ihre Resultats-Entwicklung
Sie haben dieses Quiz seit der letzten Aktualisierung nicht gespielt